| 000 | 00723nam a2200205 a 4500 | ||
|---|---|---|---|
| 005 | 20240215063620.0 | ||
| 008 | 991125s1972 bue 000 0 spa u | ||
| 035 | _aUPN01000020380 | ||
| 049 | _aCG | ||
| 050 | 4 |
_aBD162 _bE6.48 |
|
| 245 | 0 | 0 |
_aEpistemología de las ciencias humanas / _cJean Piaget... [et al.] ; tr. Hugo Acevedo. |
| 260 |
_aBuenos Aires : _bProgreso, _c1972. |
||
| 300 | _a218 p. | ||
| 440 | 0 | _aBiblioteca universitaria proteo | |
| 500 | _av.6 de Lógica y conocimiento científico | ||
| 534 |
_aTraducción de : _tLogique et connaissanie scientifique épistémologie des sciences humaines |
||
| 650 | 4 |
_aTeoría del conocimiento _91707 |
|
| 700 | 1 |
_aPiaget, Jean, _d1896-1980 _ecoaut. |
|
| 905 | _aLibro | ||
| 999 |
_c20380 _d20380 |
||